Normal view
MARC view
- MSIS-20
Entry Topical Term
001 - CONTROL NUMBER
- control field: 113128
003 - CONTROL NUMBER IDENTIFIER
- control field: NUST
005 - DATE AND TIME OF LATEST TRANSACTION
- control field: 20230613124217.0
008 - FIXED-LENGTH DATA ELEMENTS
- fixed length control field: 230613|| aca||aabn | a|a d
040 ## - CATALOGING SOURCE
- Original cataloging agency: NUST
- Transcribing agency: NUST
150 ## - HEADING--TOPICAL TERM
- Topical term or geographic name entry element: MSIS-20
670 ## - SOURCE DATA FOUND
- Source citation: Work cat.: (NUST): Anwer, Tayyaba 113127, Homomorphic-based Searching Scheme for Cloud Connected Devices /
